00765nam a22002057a 4500003000500000038001300005082001400018100002600032245008000058260003200138300003300170500007300203700002300276700003100299700003300330856005800363942001200421999001700433952010900450NUST aM Shaban aBEE-4 AHM aAbdullah Ahmed992107 aEpiWear: A wearable for accurate and timely detection of epileptic seizures aIslamabadbNUST-SEECSc2016 a110p.b27cm.eCD ROM Include aSupervisors: Dr. Hammad Cheema, Dr. Awais Kamboh, Dr. Faisal Shafait aWaqas Ahmed913741 aMuhammad Jazib Khan992108 aShoaib Ahmed Siddiqui992109 u http://10.250.8.41:8080/xmlui/handle/123456789/10692 cPR2ddc c13623d13623 00102ddc4070aCLbCLcGENd2016-07-22eNUST-SEECSoBEE-4 AHMpSEECSP01869r2016-09-07w2017-01-05yPR